000
00309nam a22001337a 4500
008
170529b xxu||||| |||| 00| 0 eng d
020
_a
0133383687
041
_a
eng
080
_2
7TH
_a
621
100
_a
27
101
_a
IM
245
_a
FUNDAMENTALS OF ENGINEERING DRAWING
_c
LUZADDER, W.J
942
_2
udc
_c
BK
999
_c
14826
_d
14826